000 00760cam a22002533a 4500
001 18756
003 PGUSA
005 20140828083411.0
008 060704s2006||||xxu|||||s|||||000 1 eng d
040 _aPGUSA
_beng
042 _adc
050 4 _aPS
100 1 _aDaviess, Maria Thompson,
_d1872-1924
245 1 4 _aThe Heart's Kingdom
_h[electronic resource] /
_cMaria Thompson Daviess
260 _bProject Gutenberg,
_c2006
506 _aPublic domain in the USA.
516 _aElectronic text
653 _aMethodist Church -- Clergy -- Fiction
653 _aMan-woman relationships -- Religious aspects -- Fiction
700 1 _aKing, W. B.
830 0 _aProject Gutenberg
_v18756
856 4 0 _uhttp://www.gutenberg.org/ebooks/18756
942 _cEB
999 _c248011
_d248011